| 000 | 00653nam a22002417a 4500 | ||
|---|---|---|---|
| 003 | UA-OsUOA | ||
| 001 | 31775 | ||
| 007 | ta | ||
| 008 | 20050112b un ||||| |||| 00| 0 ukr d | ||
| 100 | _aНаринский М.М. | ||
| 090 |
_a94(420)+(44)"1945/1949" _bН28 |
||
| 942 | _cBK | ||
| 040 |
_aUA-OsUOA _brus _cUA-OsUOA _dUA-OsUOA |
||
| 245 | _aАнглия и Франция в послевоенной Европе. 1945-1949 гг. | ||
| 300 | _a276 с. | ||
| 955 | _a0 | ||
| 041 | _arus | ||
| 080 | _a94(420)+(44)"1945/1949" | ||
| 260 |
_aМосква _bНаука _c1972 |
||
| 044 | _aRU | ||
| 650 | 7 | _2UDC | |
| 999 |
_c318205 _d318205 |
||